Règne de Louis XVI - Statistiques

Statistiques générales
  • Ce quiz a été pris 282 fois
  • Le résultat moyen est 13 sur 20
Statistiques - réponses
Question Réponse % Correct
Pays duquel cette dernière fut l'impératrice Autriche
96%
Son épouse royale Marie-Antoinette
96%
Dynastie à laquelle il appartenait Bourbon
92%
Moyen d'éxecution du roi en 1793 Guillotine
91%
Ville où il fut sacré en 1775 Reims
89%
Salle où s'est déroulé un serment des députés le 20 juin 1789 à Versailles Salle du Jeu de paume
84%
Liste des plaintes générées lors de cette assemblée Cahier de {doléances}
83%
Commune où il pris la fuite et fut arrété Varennes
81%
La participation à la guerre d'indépendance de ce pays aggrava les difficultés économiques du royaume États-Unis
72%
Engin volant fonctionnant à l'air chaud, dont le premier vol a été éffectué sous Louis XVI Montgolfière
69%
Assemblée convoquée en 1789 États Généraux
67%
Ministre des finances qui publia les contes de l'État français en 1781 Jacques Necker
51%
Seul mot qu'aurait écrit le roi dans son journal le jour de la prise de la Bastille Rien
50%
Le règne de Louis XVI marque la fin de cette période de l'histoire de France Ancien Régime
43%
Travaux manuels qui faisaient parti des passe-temps favoris de Louis XVI Serrurerie
42%
Document du 3 septembre 1791 abolissant officiellement la monarchie absolue Constitution
38%
Travaux manuels qui faisaient parti des passe-temps favoris de Louis XVI Horlogerie
36%
Navigateur disparu lors de son éxpédition dans le Pacifique avant la Révolution La Pérouse
29%
Contrôleur général des finances qui fut un fervent libéraliste Turgot
28%
Lors de sa fuite, le roi été déguisé en ce personnage Valet
22%
Aucun quiz correspondant
Distribution des résultats
% des personnes avec chaque résultat
Percentile par nombre de réponses
Votre historique - résultats
Vous n’avez pas pris ce quiz